Zrození genderu : křesťanská teorie / Abigail Favaleová ; přeložil Štěpán Sirovátka
Record details
- ISBN: 978-80-7017-328-2
- Physical Description: 238 stran ; 20 cm
- Edition: První vydání
- Publisher: Praha : Kalich, 2024
Content descriptions
| General Note: | Přeloženo z angličtiny |
| Bibliography, etc. Note: | Obsahuje bibliografické odkazy a rejstřík |
Search for related items by subject
| Subject: | gender > 21. století gender > dějiny gender > křesťanské pojetí genderová identita genderová identita > křesťanské pojetí feminismus |
| Genre: | pojednání |
Available copies
- 1 of 1 copy available at Common Catalog SPOK.
Holds
- 0 current holds with 1 total copy.
Show Only Available Copies
| Location | Call Number / Copy Notes | Barcode | Shelving Location | Status | Due Date |
|---|---|---|---|---|---|
| Jabok Library | Soc-1.8.6 /F | 424480046166 | Odborná literatura | Available | - |
| LDR | 02075nam a2200601 i 4500 | ||
|---|---|---|---|
| 001 | 57280 | ||
| 003 | CZ-PrJAB | ||
| 005 | 20240313061616.0 | ||
| 007 | ta | ||
| 008 | 240307s2024 xr e 001 0 cze d | ||
| 015 | . | ‡acnb003598789 | |
| 020 | . | ‡a978-80-7017-328-2 ‡q(brožováno) : ‡cKč 348.00 | |
| 035 | . | ‡a(CZ PrSKC)1609601 | |
| 040 | . | ‡aKLG001 ‡bcze ‡erda | |
| 041 | 1 | . | ‡acze ‡heng |
| 045 | . | ‡ay-y- | |
| 072 | 7. | ‡a27-4 ‡xPraktická teologie. Morální teologie ‡2Konspekt ‡95 | |
| 080 | . | ‡a316.66-055.1/.3 ‡2MRF | |
| 080 | . | ‡a159.923.2-055.1/.4 ‡2MRF | |
| 080 | . | ‡a141.72 ‡2MRF | |
| 080 | . | ‡a27 ‡2MRF | |
| 080 | . | ‡a(049) ‡2MRF | |
| 100 | 1 | . | ‡aFavale, Abigail ‡4aut |
| 240 | 1 | 0. | ‡aGenesis of gender. ‡lČesky |
| 245 | 1 | 0. | ‡aZrození genderu : ‡bkřesťanská teorie / ‡cAbigail Favaleová ; přeložil Štěpán Sirovátka |
| 250 | . | ‡aPrvní vydání | |
| 264 | 1. | ‡aPraha : ‡bKalich, ‡c2024 | |
| 300 | . | ‡a238 stran ; ‡c20 cm | |
| 336 | . | ‡atext ‡btxt ‡2rdacontent | |
| 337 | . | ‡abez média ‡bn ‡2rdamedia | |
| 338 | . | ‡asvazek ‡bnc ‡2rdacarrier | |
| 500 | . | ‡aPřeloženo z angličtiny | |
| 504 | . | ‡aObsahuje bibliografické odkazy a rejstřík | |
| 648 | 7. | ‡a21. století ‡7ch460559 ‡2czenas | |
| 650 | 0 | 7. | ‡agender ‡7ph175751 ‡y21. století ‡2czenas |
| 650 | 0 | 7. | ‡agender ‡7ph175751 ‡xdějiny ‡2czenas |
| 650 | 0 | 7. | ‡agender ‡7ph175751 ‡xkřesťanské pojetí ‡2czenas |
| 650 | 0 | 7. | ‡agenderová identita ‡7ph1190973 ‡2czenas |
| 650 | 0 | 7. | ‡agenderová identita ‡7ph1190973 ‡xkřesťanské pojetí ‡2czenas |
| 650 | 0 | 7. | ‡afeminismus ‡7ph120150 ‡2czenas |
| 655 | 7. | ‡apojednání ‡7fd133056 ‡2czenas | |
| 700 | 1 | . | ‡aSirovátka, Štěpán, ‡d1982- ‡7kv2009540307 ‡4trl |
| 910 | . | ‡aABG312 | |
| 995 | . | ‡aska | |
| 901 | . | ‡a57280 ‡bAUTOGEN ‡c57280 ‡tbiblio | |